Veřejná soutěž

Verejná súťaž ako forma zadávania zákaziek. Vypisovanie verejnej súťaže. Súťažné podmienky. Tzv. podmienkové zošity (tender conditions, tender documents). Modifikácia podmienok, vypracovanie tendrových podmienok. Ponuka. Tzv. vadium - stanovená čiastka peňazí, ako záruka, ktorú platí účastník súťaže...

Descrizione completa

Salvato in:
Dettagli Bibliografici
Autore principale: Lád, J.
Natura: Capitolo di libro
Lingua:ceco
Soggetti:
Tags: Aggiungi Tag
Nessun Tag, puoi essere il primo ad aggiungerne!!

MARC

LEADER 00000naa a2200000 4500
001 r024183
005 20221213082853.5
041 0 |a cze 
044 |a CZ 
245 1 0 |a Veřejná soutěž  |c J. Lád 
520 |a Verejná súťaž ako forma zadávania zákaziek. Vypisovanie verejnej súťaže. Súťažné podmienky. Tzv. podmienkové zošity (tender conditions, tender documents). Modifikácia podmienok, vypracovanie tendrových podmienok. Ponuka. Tzv. vadium - stanovená čiastka peňazí, ako záruka, ktorú platí účastník súťaže. Technické normy. Práva a záväzky. Obsah tendru. 
610 2 0 |a súťaž verejná 
610 2 0 |a obstarávanie verejné 
610 2 0 |a zákazky 
100 1 |a Lád, J.